000 02090cam a2200433 i 4500
999 _c5623
_d5623
001 5623
003 Mx-PuUPA
005 20240410103440.0
008 140415s1978 sp ab re 000 0 spa d
020 _a8474900077 (obra completa)
020 _a8474900018 (t.1)
020 _a8474900395 (t.2)
020 _a8474900425 (t.3)
020 _a8474900492 (t.4)
020 _a8474900115 (t.5)
020 _a8474900123 (t.6)
040 _aMX-PuUPA
_bspa
_erda
_cMx-PuUPA
_dMx-PuUPA
041 0 _aspa
100 1 _aLéon, Pierre,
_eautor
_96590
240 1 0 _aHistoire économique et sociale du monde.
_lEspañol
245 1 0 _aHistoria económica y social del mundo /
_cPierre León.
264 1 _aMadrid :
_bEdiciones Encuentro,
_c1978
300 _a6 volúmenes (paginación varía) :
_bilustraciones, mapas, gráficas ;
_c24 cm.
336 _atexto
_2rdacontent
_btxt
337 _asin medio
_2rdamedia
_bn
338 _avolumen
_2rdacarrier
_bnc
505 0 _gt.1.
_tLa apertura del mundo siglos XIV-XVI /
_rdirigido por Bartolomé Bennassar y Pierre Chaunu --
_gt.2.
_tLos desequilibrios del crecimiento 1580-1730 /
_rdirigido por Pierre Deyon y Jean Jacquart --
_gt.3.
_tInercias y revoluciones 1730-1840 /
_rdirigido por Louis Bergeron --
_gt.4.
_tLa dominación del capitalismo 1840-1914 /
_rdirigido por Gilbert Garrier --
_gt.5.
_tGuerras y crisis 1914-1947 /
_rdirigido por George Dupeux --
_gt.6.
_tEl nuevo siglo XX 1947 a nuestros días /
_rdirigido por Pierre Léon.
650 4 _aHistoria económica
650 4 _aHistoria social
650 4 _aCapitalismo
765 0 8 _aLeón, Pierre,
_ht.1
_tLouverture du monde XIV-XVI siècles.
765 0 8 _aLeón, Pierre,
_nt.2
_tLes hésitations de la croissance.
765 0 8 _aLeón, Pierre,
_nt.3
_tInerties et revolutions 1730-1840.
765 0 8 _aLeón, Pierre,
_nt.4
_tLa domination du capitalisme 1840-1914.
765 0 8 _aLeón, Pierre,
_nt.5
_tGuerres et crises 1914-1947.
765 0 8 _aLeón, Pierre,
_nt.6
_tLe second XX siècle 1947 à nos jours.
942 _2ddc
_cLI
_h330.9
_iL576